<?xml version="1.0" encoding="UTF-8"?><?xml-stylesheet type="text/xsl" href="static/style.xsl"?><OAI-PMH xmlns="http://www.openarchives.org/OAI/2.0/" xmlns:xsi="http://www.w3.org/2001/XMLSchema-instance" xsi:schemaLocation="http://www.openarchives.org/OAI/2.0/ http://www.openarchives.org/OAI/2.0/OAI-PMH.xsd"><responseDate>2026-06-29T16:40:17Z</responseDate><request verb="GetRecord" identifier="oai:docta.ucm.es:20.500.14352/110189" metadataPrefix="marc">https://docta.ucm.es/rest/oai/request</request><GetRecord><record><header><identifier>oai:docta.ucm.es:20.500.14352/110189</identifier><datestamp>2025-03-18T15:56:31Z</datestamp><setSpec>com_20.500.14352_14</setSpec><setSpec>col_20.500.14352_21</setSpec></header><metadata><record xmlns="http://www.loc.gov/MARC21/slim" xmlns:dcterms="http://purl.org/dc/terms/" xmlns:xsi="http://www.w3.org/2001/XMLSchema-instance" xmlns:doc="http://www.lyncode.com/xoai" xsi:schemaLocation="http://www.loc.gov/MARC21/slim http://www.loc.gov/standards/marcxml/schema/MARC21slim.xsd">
   <leader>00925njm 22002777a 4500</leader>
   <datafield ind2=" " ind1=" " tag="042">
      <subfield code="a">dc</subfield>
   </datafield>
   <datafield ind2=" " ind1=" " tag="720">
      <subfield code="a">Hermoso Cuesta, Miguel</subfield>
      <subfield code="e">author</subfield>
   </datafield>
   <datafield ind2=" " ind1=" " tag="260">
      <subfield code="c">2021</subfield>
   </datafield>
   <datafield ind2=" " ind1=" " tag="520">
      <subfield code="a">El texto estudia por primera vez algunos de los aspectos que motivaron el cambio en la estrategia artística de Luisa Roldán durante su etapa madrileña (1689-1706), que muestra un cambio de formato en sus esculturas y una nueva ambición que se explican por su comprensión del panorama artístico y coleccionista de la corta. Ese conocimiento del nuevo contexto en el que se movía, tan diferente de Sevilla y Cádiz, donde había trabajado con anterioridad, hizo que demostrara su pericia tanto en obras policromadas y estofadas a la manera española, en imágenes de vestir o en obras de un aire claramente italiano. Al mismo tiempo creó como competición con la pintura contemporánea una serie de grupos de terracota tratados de manera exquisita en su modelado y policromía y que en sus urnas originales parecían cuadros en tres dimensiones.</subfield>
   </datafield>
   <datafield ind1="8" ind2=" " tag="024">
      <subfield code="a">Blasco Esquivias, Beatriz, et al., editores. Las mujeres y las artes: mecenas, artistas, emprendedoras, coleccionistas. Abada Editores, 2021.</subfield>
   </datafield>
   <datafield ind1="8" ind2=" " tag="024">
      <subfield code="a">978-84-17301-64-4</subfield>
   </datafield>
   <datafield ind1="8" ind2=" " tag="024">
      <subfield code="a">https://hdl.handle.net/20.500.14352/110189</subfield>
   </datafield>
   <datafield ind1="8" ind2=" " tag="024">
      <subfield code="a">https://abadaeditores.com/historia-del-arte/las-mujeres-y-las-artes-mecenas-artistas-emprendedoras-coleccionistas.html</subfield>
   </datafield>
   <datafield ind2="0" ind1="0" tag="245">
      <subfield code="a">Consideraciones sobre la etapa madrileña de Luisa Roldán (1689-1706)</subfield>
   </datafield>
</record></metadata></record></GetRecord></OAI-PMH>